| 000 | 01174cam a2200217 4500 | ||
|---|---|---|---|
| 001 | X1124911 | ||
| 008 | 040126n2003 000 0 eng u | ||
| 035 | _a(Sirsi) u124911 | ||
| 100 | _aEllis, M. | ||
| 245 | _aCommons Registration Act 1965 and new town and village greens: harmless maypoles or a trap for the unwary? | ||
| 260 | _c2003 | ||
| 490 |
_aJournal of Planning and Environment Law _vDecember 2003, 1503-1513 (11) |
||
| 520 | _aThis article examines the Society for Advanced Legal Studies (SALS) paper "New town and village greens - proposals for reform" which was published in 2002, and considers the nature, purpose and implications for the current provision for registration of new greens, and whether this registration is both necessary and desirable. This article is concerned with Class C greens. | ||
| 650 | _aNEW WINDSOR CORPORATION V MELLOR | ||
| 650 | _aR V SUFFOLK CC EX P STEED AND ANOTHER | ||
| 650 | _aR V BUCKINGHAMSHIRE CC AND ANOTHER EX P LAING HOMES LTD | ||
| 650 | _aR V OXFORDSHIRE CC AND ANOTHER EX P SUNNINGWELL PARISH COUNCIL | ||
| 650 | _aR V STAFFORDSHIRE CC EX P ALFRED MCALPINE HOMES LTD | ||
| 690 | _aPROPERTY | ||
| 942 | _n0 | ||
| 999 |
_c74077 _d74077 |
||